| 000 | 00445nam a2200145 i 4500 | ||
|---|---|---|---|
| 001 | 49668 | ||
| 003 | ES-MaACL | ||
| 007 | t| | ||
| 008 | 030721s1915 xxk ||||1| eng d | ||
| 100 | 1 |
_aCotterill, H.B. _941195 |
|
| 245 | 1 | 0 |
_aMedieval Italy, during a thousand years (1909-1913) / _cby H.B. Cotterill. |
| 260 |
_aLondon : _bGeorge G. Harrap & Comp., _c1915. |
||
| 300 |
_aXXVIII, 565 p., 4 map., 6 lám. ; _c22 cm. |
||
| 852 |
_aES-MaACL _jG-6222 |
||
| 999 |
_c49668 _d49668 |
||